banner koha

Echocardiographic evaluation of dogs subjected to different protocols of anesthetic induction (Registro n. 257804)

MARC details
000 -LÍDER
campo de controle de tamanho fixo 00960nas a2200313 4500
001 - NÚMERO DE CONTROLE
campo de controle BR2019001822
003 - IDENTIFICADOR DO NÚMERO DE CONTROLE
campo de controle BR-BrBNA
005 - DATA E HORÁRIO DA ÚLTIMA TRANSAÇÃO
campo de controle 20231205131959.0
007 - CAMPO FIXO DE DESCRIÇÃO FÍSICA--INFORMAÇÃO GERAL
campo de controle de tamanho fixo ta
008 - CAMPO DE DADOS FIXOS--INFORMAÇÃO GERAL
campo de controle de tamanho fixo 230509b bl.|||p| |||| 00| 00por d
040 ## - FONTE DA CATALOGAÇÃO
Instituição da catalogação original BR-BrBNA
Idioma da catalogação por
Instituição que transcreveu o registro Biblioteca Nacional de Agricultura
041 ## - CÓDIGO DE IDIOMA
Código do idioma do texto/trilha sonora ou título diferente (En)
072 ## - CÓDIGO DE CATEGORIA DE ASSUNTO
Código de Categoria de Assunto L70
100 1# - ENTRADA PRINCIPAL--NOME PESSOAL
Nome pessoal Cardoso, H.M.
100 1# - ENTRADA PRINCIPAL--NOME PESSOAL
Nome pessoal Tocheto, R.
100 1# - ENTRADA PRINCIPAL--NOME PESSOAL
Nome pessoal Padilha, V.S.
100 1# - ENTRADA PRINCIPAL--NOME PESSOAL
Nome pessoal Silva, G.
100 1# - ENTRADA PRINCIPAL--NOME PESSOAL
Nome pessoal Comassetto, F.
100 1# - ENTRADA PRINCIPAL--NOME PESSOAL
Nome pessoal Andrade, J.N.B.M. de
100 1# - ENTRADA PRINCIPAL--NOME PESSOAL
Nome pessoal Oleskovicz, N.
245 1# - TÍTULO
Título Echocardiographic evaluation of dogs subjected to different protocols of anesthetic induction
650 ## - ASSUNTO--TERMO TÓPICO
Cabeçalho tópico ou nome geográfico CÃO
650 ## - ASSUNTO--TERMO TÓPICO
Cabeçalho tópico ou nome geográfico ANESTÉSICO
650 ## - ASSUNTO--TERMO TÓPICO
Cabeçalho tópico ou nome geográfico VETERINÁRIA
773 0# - ENTRADA ANALÍTICA
Título Ciência Rural (Brazil)
ISSN - International Standard Serial Number ISSN 1678-4596
Partes relacionadas (2018), v. 48(8) p. 1-6
Número de controle do registro BR2019001822
856 40 - LOCALIZAÇÃO ELETRÔNICA E ACESSO
Uniform Resource Identifier <a href="http://www.scielo.br/pdf/cr/v48n8/1678-4596-cr-48-08-e20170659.pdf">http://www.scielo.br/pdf/cr/v48n8/1678-4596-cr-48-08-e20170659.pdf</a>
909 ## -
-- 202311
-- Lúcia
-- 55
-- Lúcia Elande
942 ## - ELEMENTOS DE ENTRADA ADICIONADOS (KOHA)
Fonte da classificação ou esquema de arquivamento na estante Classificação AGRIS
Ocultar no OPAC Não
Tipo de material Koha Analítica
Exemplares
Situação do descarte Fonte da classificação ou esquema de arquivamento na estante Situação física Não pode ser emprestado Biblioteca de origem Biblioteca atual Localização na estante Enumeração do periódico / cronologia Total de empréstimos Data de último acesso Número do exemplar Tipo de material Koha Fonte de aquisição
  Classificação AGRIS   Consulta local Biblioteca Nacional de Agricultura - Binagri Biblioteca Nacional de Agricultura - Binagri   (2018), v. 48(8) p. 1-6   29/11/2023 01 Periódicos Portaria Interministerial nº 164/94

BINAGRI

Telefone: (61)3218-2567/2388/3357/2097 - binagri@agro.gov.br

Ministério da Agricultura e Pecuária , Esplanada dos Ministérios, Bloco D, Anexo B, Brasília/DF, CEP: 70.043-900